00333nam a2200121Ia 4500008004100000041000800041082001700049100001700066245004500083260003900128300003200167365001200199240624s9999 xx 000 0 und d aeng a305.3014 DOW aDOW BONNIE J aSAGE HANDBOOK OF GENDER AND COMMUNICATIO c2006aNew DelhibSage Publications axxiv, : 479 : p. : cm. ; 25 cBPSb30